Statistiken für Stadtstaaten

Klicken Sie hier um das Quiz zu spielen!

Allgemein

  • Dieses Quiz wurde 102 mal gespielt
  • Das Durchschnittsergebnis liegt bei 12 aus 20

Antwortstatistiken

Hinweis Stadtstaat % Korrekt
Monte Carlo ist ein Stadtbezirk dieser StadtMonaco
95%
Geburtsort der DemokratieAthen
93%
Entwickelte sich zu einem der größten Reiche der GeschichteRom
93%
Stadt der Kanäle, die auf einer Lagune errichtet wurdeVenedig
93%
Freie Stadt am Main. Herkunft der Rothschild-FamilieFrankfurt
90%
Wo Kaugummi verboten istSingapur
85%
Stadt in der Lombardei, einst von den Visconti regiertMailand
77%
"Freie Stadt" zwischen Deutschland und PolenDanzig
75%
Stadt in Nordwestitalien. Kolumbus' HeimatstadtGenua
69%
Militärischer Rivale von ^Sparta
68%
Geburtsort der RenaissanceFlorenz
66%
Führende Stadt der HanseLübeck
63%
Phönizische Kolonie. Kontrollierte einst die nordafrikanische KüsteKarthago
55%
Schauplatz von "Romeo und Julia"Verona
51%
Galileos HeimatstadtPisa
37%
Als griechische Kolonie gegründete Stadt in Sizilien.
Heimat von Archimedes
Syrakus
26%
Eine Säulenordnung wurde nach dieser Stadt benanntKorinth
21%
Hatte eine "Heilige Schar" von ElitesoldatenTheben
14%
Oft zusammengenommene phönizische StädteSidon
8%
Oft zusammengenommene phönizische StädteTyros
8%

Verteilung der Resultate

Perzentil nach korrekt beantworteten Fragen

Anzahl Personen mit jedem Resultat

Ihre Resultats-Entwicklung

Sie haben dieses Quiz noch nicht gespielt